| 000 | 01815cam a2200325 i 4500 | ||
|---|---|---|---|
| 001 | 23134799 | ||
| 003 | EG-ScBUE | ||
| 005 | 20250224094204.0 | ||
| 008 | 230518s2024 enka f b 001 0 eng d | ||
| 020 | _a9781350299542 | ||
| 040 |
_aDLC _beng _erda _cDLC _dDLC _dEG-ScBUE |
||
| 082 | 0 | 4 |
_a746.92087 _222 _bJUN |
| 100 | 1 |
_aJun, Grace, _eauthor. |
|
| 245 | 1 | 0 |
_aFashion, disability and co-design : _ba human-centered design approach / _cGrace Jun. |
| 264 | 1 |
_aLondon ; _aNew York : _bBloomsbury Visual Arts, _c2024. |
|
| 300 |
_axiii, 218 pages : _bchiefly illustrations (some color) ; _c27 cm |
||
| 336 |
_atext _btxt _2rdacontent |
||
| 337 |
_aunmediated _bn _2rdamedia |
||
| 338 |
_avolume _bnc _2rdacarrier |
||
| 504 | _aIncludes bibliographical references and index. | ||
| 505 | 0 | _aTheories, models, and methodologies behind adaptive fashion -- Adaptive fashion design approaches & techniques -- Adaptive design case studies and interviews. | |
| 520 |
_a"Fashion, Disability and Co-design shows how collaborative, inclusive design techniques can produce garments and accessories that increase social inclusion for people with disabilities. Grace Jun outlines practical techniques to help designers create their own inclusive collections, with detailed examples from interviews with professionals. 14 illustrated case studies show how engagement with disability communities to co-design adaptive clothing and accessories can lead to functional, wearable solutions for people of all abilities without compromising style"-- _cProvided by publisher. |
||
| 650 | 7 |
_aPeople with disabilities _xClothing. _2BUEsh |
|
| 650 | 7 |
_aFashion design. _2BUEsh |
|
| 653 |
_cFebruary2025 _bART |
||
| 655 | _vReading book | ||
| 906 |
_a7 _bcbc _corignew _d1 _eecip _f20 _gy-gencatlg |
||
| 942 |
_2ddc _cBB |
||
| 999 |
_c30918 _d30889 |
||